000 00718nam a2200265Ia 4500
005 20260302115032.0
008 008 260114s9999 xx 000 0 eng d
020 _a9781683934646
037 _aTextbook
040 _aCRL
040 _beng
040 _cCRL
041 _2eng
041 _aeng
084 _qCRL
100 _aJacqueline O’Connor
_91120507
245 0 _aLaw and Sexuality in Tennessee Williams’s America
260 _bBloomsbury
260 _bFairleigh Dickinson University Press
260 _c2016
650 _aLiterary Studies
856 _uhttps://doi.org/10.5040/9781683934646?locatt=label:secondary_bloomsburyCollections
942 _cEBOOK
999 _c1684719
_d1684719